|
|
|
|
| LEADER |
01322nam a2200313 u 4500 |
| 001 |
10027052 |
| 003 |
upatras |
| 005 |
20210117205957.0 |
| 008 |
950516s1985 ge eng |
| 020 |
|
|
|a 3540154515
|
| 040 |
|
|
|a GR-PaULI
|c GR-PaULI
|
| 041 |
0 |
|
|a eng
|
| 082 |
0 |
4 |
|a 530.4
|
| 245 |
1 |
0 |
|a Localization, interaction, and transport phenomena
|b proceedings of the International Conference, August 23-28, 1984, Braunschweig, Fed. Rep. of Germany
|c editors: B. Kramer, G. Bergmann, Y. Bruynseraede
|
| 260 |
|
|
|a Berlin
|b Springer Verlag
|c 1985
|
| 300 |
|
|
|a ix, 264 p.
|b fig.
|
| 490 |
0 |
|
|a Springer series in solid-state sciences
|v 61
|
| 500 |
|
|
|a With 125 Figures
|
| 504 |
|
|
|a Includes conference photograph and index of contributors
|
| 650 |
|
4 |
|a Δυναμικά συστήματα
|9 394
|
| 700 |
1 |
|
|a Bergmann, G.
|4 edt
|9 152853
|
| 700 |
1 |
|
|a Bruynseraede, Y.
|4 edt
|9 152854
|
| 700 |
1 |
|
|a Kramer, B.
|4 edt
|9 152855
|
| 760 |
1 |
|
|a Springer series in solid-state sciences
|g 61
|
| 852 |
|
|
|a GR-PaULI
|b ΠΑΤΡΑ
|b ΦΥΣΙΚΟ
|k ΑΕΧ-1
|h 530.4 KRA
|m 03441
|p 025000024953
|t 1
|
| 942 |
|
|
|2 ddc
|c BK15
|
| 952 |
|
|
|0 0
|1 0
|4 0
|6 530_400000000000000_KRA
|7 0
|9 197446
|a PHYS
|b PHYS
|d 2016-04-24
|i 03441
|l 0
|o 530.4 KRA
|p 025000024953
|r 2016-04-24 00:00:00
|t 1
|w 2016-04-24
|y BK15
|
| 998 |
|
|
|c ΔΡΑΚΟΠΟΥΛΟΥ
|d 2002-12
|
| 999 |
|
|
|c 121243
|d 121243
|